| 000 | 00520nam a2200205Ia 4500 | ||
|---|---|---|---|
| 005 | 20250425161413.0 | ||
| 008 | 250425s9999 xx 000 0 und d | ||
| 020 | _a8472140601 | ||
| 041 | _aspa | ||
| 082 | _a668.41 | ||
| 100 | _aANGUITA DELGADO, RAMON | ||
| 245 | 0 | _aMOLDEO POR COMPRESION Y TRANSFERENCIA: TEORIA, MOLDES, EQUIPOS Y MATERIALES | |
| 250 | _a1A ED. | ||
| 260 |
_aEspaƱa _bBLUME _c1975 |
||
| 260 | _aMADRID | ||
| 300 | _a275 | ||
| 650 | _aMOLDEO DE PLASTICOS | ||
| 942 | _c01 | ||
| 010 | _a19522 | ||
| 999 |
_c208537 _d208537 |
||